Wszyscy prezydenci Polski od 1989 - Statystyki

Ogólne statystyki
  • Ten quiz został rozwiązany 44 razy
  • Średni wynik to 6 z 7
Statystyki odpowiedzi
Lata Prezydent % Poprawnych
1995-2005 Aleksander Kwaśniewski
94%
2015-2025 Andrzej Duda
94%
1990-1995 Lech Wałęsa
94%
2010-2015 Bronisław Komorowski
91%
2025-teraz Karol Nawrocki
91%
1989-1990 Wojciech Jaruzelski
91%
2005-2010 Lech Kaczyński
86%
Nie znaleziono quizów pasujących do podanych kryteriów
Rozkład punktacji
Procent ludzi z każdym wynikiem
Percentyl według liczby udzielonych odpowiedzi
Twoja historia wyników
Nie rozwiązałeś tego quizu